| 000 | 00333nam a22001337a 4500 | ||
|---|---|---|---|
| 008 | 190227b xxu||||| |||| 00| 0 eng d | ||
| 020 | _a9780944475331 | ||
| 041 | _aeng | ||
| 080 | _a371 | ||
| 100 | _a25 | ||
| 101 | _aEDU | ||
| 245 |
_aTracking & the Art of Seeing. How to read Animal Tracks & Sign _cRezendes, P |
||
| 942 |
_2udc _cBK |
||
| 999 |
_c54379 _d54379 |
||